000 00359nam a2200133Ia 4500
005 20260326100027.0
008 260326s9999||||xx |||||||||||||| ||und||
100 _aKubler, George
245 0 _aArquitectura Mexicana del Siglo XVI /
_cGeorge Kubler
260 _bFondo de Cultura Económica
300 _a649 p.
650 _aARQUITECTURA COLONIAL
942 _cBK
999 _c6425
_d6425